Vista normal
Vista MARC
Entrada Materia (título de una obra)
Número de registros utilizados en: 2
001 - CONTROL NUMBER
- control field: 68889
003 - CONTROL NUMBER IDENTIFIER
- control field: Co-BoUCM
005 - DATE AND TIME OF LATEST TRANSACTION
- control field: 20150514140758.0
008 - FIXED-LENGTH DATA ELEMENTS
- fixed length control field: 150514|| aca||aabn | a|a d
040 ## - CATALOGING SOURCE
- Original cataloging agency: Co-BoUCM
- Transcribing agency: Co-BoUCM
130 ## - HEADING--UNIFORM TITLE
- Uniform title: Acuerdo de Copenhague
- Chronological subdivision: 2009
670 ## - SOURCE DATA FOUND
- Source citation: Work cat.: (Co-BoUCM)299550: El cambio climático, 2009